Οι ιστορίες μιας αυτόματης γιαγιάς

Αποθηκεύτηκε σε:
Λεπτομέρειες βιβλιογραφικής εγγραφής
Κύριος συγγραφέας: Inkiow, Dimiter
Μορφή: Βιβλίο
Γλώσσα:Greek
Δημοσίευση: Αθήνα : Πατάκης, 1988.
Σειρά:Σύγχρονη λογοτεχνία για παιδιά και για νέους. Συλλογή Σπουργιτάκια. ; 5
Θέματα:
Ετικέτες: Προσθήκη ετικέτας
Δεν υπάρχουν, Καταχωρήστε ετικέτα πρώτοι!

MARC

LEADER 00000cam a2200000 i 4500
001 1/90042
008 930924s1988 gr | ||| |||| ||gre||
020 |a 9602931213 
035 |a 1989  |b 2  |c Δωρεά  |l 10035896 
040 |a GR-MY-UA  |b gre  |e aacr 
041 0 |a gre 
082 7 |a 808.0683   |2 (22) 
100 1 |a Inkiow, Dimiter. 
245 1 3 |a Οι ιστορίες μιας αυτόματης γιαγιάς /   |c Ντιμίτερ Ινκιόφ ; μετάφραση: Ρένα Καρθαίου.  
260 |a Αθήνα :   |b Πατάκης,   |c 1988.  
300 |a 93 σ. ;   |c 18 εκ.  
490 1 |a (Σύγχρονη λογοτεχνία για παιδιά και για νέους. Συλλογή Σπουργιτάκια ;   |v  5) 
650 0 0 |a Children's stories, Bulgarian  |z Greece. 
650 0 0 |a Children's literature, Bulgarian  |z Greece. 
655 7 |a Fairy tales  |2 lcgft 
830 0 |a Σύγχρονη λογοτεχνία για παιδιά και για νέους.   |p Συλλογή Σπουργιτάκια.  |v  ; 5 
852 |a INST  |b RHODES  |e 19930924  |h 808.0683 INK  |p 005400003114  |q 005400003114  |t BK  |y 0 
909 |a Ρ  |b 014847 
970 |z 24/09/1993